|
|
|
|
| LEADER |
01428nam a2200373 a 4500 |
| 001 |
EBC1681680 |
| 003 |
MiAaPQ |
| 005 |
20200520144314.0 |
| 006 |
m o d | |
| 007 |
cr cn||||||||| |
| 008 |
071004s2007 enk sb 000 0 eng |
| 010 |
|
|
|z 2007040767
|
| 020 |
|
|
|z 9781860948473
|
| 020 |
|
|
|z 1860948472
|
| 035 |
|
|
|a (MiAaPQ)EBC1681680
|
| 035 |
|
|
|a (Au-PeEL)EBL1681680
|
| 035 |
|
|
|a (CaPaEBR)ebr10255519
|
| 035 |
|
|
|a (CaONFJC)MIL186765
|
| 035 |
|
|
|a (OCoLC)815742122
|
| 040 |
|
|
|a MiAaPQ
|c MiAaPQ
|d MiAaPQ
|
| 050 |
|
4 |
|a HD2741
|b .P765 2007
|
| 082 |
0 |
4 |
|a 332/.042
|2 22
|
| 245 |
0 |
0 |
|a Private equity, corporate governance and the dynamics of capital market regulation
|h [electronic resource] /
|c editor, Justin O'Brien.
|
| 260 |
|
|
|a London :
|b Imperial College Press ;
|a Singapore ;
|a Hackensack, NJ :
|b Distributed by World Scientific,
|c c2007.
|
| 300 |
|
|
|a xii, 411 p.
|
| 504 |
|
|
|a Includes bibliographical references (p. 371-411).
|
| 533 |
|
|
|a Electronic reproduction. Ann Arbor, MI : ProQuest, 2015. Available via World Wide Web. Access may be limited to ProQuest affiliated libraries.
|
| 650 |
|
0 |
|a Corporate governance.
|
| 650 |
|
0 |
|a Private equity.
|
| 650 |
|
0 |
|a Capital market
|x Law and legislation.
|
| 655 |
|
4 |
|a Electronic books.
|
| 700 |
1 |
|
|a O'Brien, Justin.
|
| 710 |
2 |
|
|a ProQuest (Firm)
|
| 856 |
4 |
0 |
|u https://ebookcentral.proquest.com/lib/matrademy/detail.action?docID=1681680
|z Click to View
|